Tile Select - Colors - Statistics

General Stats
  • This quiz has been taken 24 times
  • The average score is 27 of 30
Answer Stats
Question Tile Select % Correct
Colors of the Rainbow Blue Yes
100%
Colors on a Rubix's Cube Blue Yes
100%
Colors of the Rainbow Brown No
100%
Colors of the Rainbow Gold No
100%
Colors of the Rainbow Green Yes
100%
Colors on a Rubix's Cube Green Yes
100%
Colors on a Rubix's Cube Indigo No
100%
Colors on a Rubix's Cube Purple No
100%
Colors of the Rainbow Red Yes
100%
Colors on a Rubix's Cube Red Yes
100%
Colors on a Rubix's Cube Teal No
100%
Colors of the Rainbow Yellow Yes
100%
Is on the flag of South Africa Brown No
95%
Is on the flag of South Africa Purple No
95%
Colors of the Rainbow Teal No
95%
Colors on a Rubix's Cube White Yes
95%
Colors on a Rubix's Cube Orange Yes
91%
Colors on a Rubix's Cube Yellow Yes
91%
Is on the flag of South Africa Black Yes
86%
Is on the flag of South Africa Green Yes
86%
Colors of the Rainbow Orange Yes
86%
Colors of the Rainbow Pink No
86%
Is on the flag of South Africa Red Yes
86%
Is on the flag of South Africa Orange No
82%
Colors of the Rainbow Violet Yes
82%
Colors of the Rainbow Indigo Yes
77%
Is on the flag of South Africa Yellow Yes
77%
Is on the flag of South Africa White Yes
68%
Colors of the Rainbow Purple No
59%
Is on the flag of South Africa Blue Yes
45%
No matching quizzes found
Score Distribution
Percent of People with Each Score
Percentile by Number Answered
Your Score History
You have not taken this quiz